Normal view
MARC view
- تأليف جاد، سهير
Entry Personal Name
001 - CONTROL NUMBER
- control field: 7376
003 - CONTROL NUMBER IDENTIFIER
- control field: JO-AjAnu
005 - DATE AND TIME OF LATEST TRANSACTION
- control field: 20230606071507.0
008 - FIXED-LENGTH DATA ELEMENTS
- fixed length control field: 230606|| aca||aabn | a|a d
040 ## - CATALOGING SOURCE
- Original cataloging agency: JO-AjAnu
- Transcribing agency: JO-AjAnu
100 ## - HEADING--PERSONAL NAME
- Personal name: تأليف جاد، سهير
670 ## - SOURCE DATA FOUND
- Source citation: Work cat.: (JO-AjAnu)3816: تأليف جاد، سهير, author, البرامج الثقافية والإعلام الإذاعي